Logo BPK

Biblioteka

Politechniki Koszalińskiej

Designing with TTL integrated circuits / (Rekord nr 27231)

Szczegóły MARC
000 -ETYKIETA REKORDU
podpole kontrolne o stałej długości 00423nam a2200157 i 4500
001 - NUMER KONTROLNY REKORDU
pole kontrolne bg
040 ## - ŹRÓDŁO KATALOGOWANIA
Instytucja, która utworzyła rekord BPK
041 ## - KOD JĘZYKA
Kod języka tekstu pol
080 ## - UNIWERSALNA KLASYFIKACJA DZIESIĘTNA - UKD
UKD 621.382:681.32
008 - POLE O STAŁEJ DŁUGOŚCI - DANE KONTROLNE
podpole kontrolne o stałej długości s pl f |000 0 pol
245 #0 - TYTUŁ/ODPOWIEDZIALNOŚĆ
Tytuł Designing with TTL integrated circuits /
Pozostałe elementy strefy tytułu i oznaczenia odpowiedzialności ed. by Robert L. Morris, John R. Miller.
260 ## - STREFA ADRESU WYDAWNICZEGO
Miejsce wydania New York,
Data publikacji, dystrybucji/powstania dokumentu 1971.
700 1# - HASŁO DODATKOWE - NAZWA OSOBOWA
Nazwa osobowa Morris, Robert L.
Określenie związku między hasłem a opisywanym materiałem Red.
700 1# - HASŁO DODATKOWE - NAZWA OSOBOWA
Nazwa osobowa Miller, John R.
Określenie związku między hasłem a opisywanym materiałem Red.
856 ## - LOKALIZACJA I DOSTĘP DO ELEKTRONICZNYCH DOKUMENTÓW ZDALNYCH
Link (URL) http://koha.tu.koszalin.pl/cgi-bin/koha/opac-detail.pl?biblionumber=27231
Tekst linku Katalog online BPK
942 ## - DODATKOWE ELEMENTY (KOHA)
Typ dokumentu Książka
Egzemplarze
Wycofany Status egzemplarza Uszkodzony Dostępność Lokalizacja stała Lokalizacja bieżąca Miejsce przechowywania Sygnatura Kod kreskowy Typ dokumentu
      Dostępny Biblioteka Politechniki Koszalińskiej Biblioteka Politechniki Koszalińskiej Wypożyczalnia BG 19092 01703559 Książka
© 2023 Biblioteka Politechniki Koszalińskiej :: KOHA